[Event "FIN-chT2 Gp3"]
[Site "Finland"]
[Date "2022.09.24"]
[Round "1.3"]
[White "Kyburz, Stefan"]
[Black "Vuori, Sami"]
[Result "1/2-1/2"]
[WhiteElo "1947"]
[BlackElo "1890"]
[PlyCount "63"]
[EventDate "2022.09.24"]
[EventType "team-tourn"]
[EventRounds "5"]
[EventCountry "FIN"]
[SourceTitle "EXT 2025"]
[Source "ChessBase"]
[SourceDate "2024.10.14"]
[SourceVersion "1"]
[SourceVersionDate "2024.10.14"]
[SourceQuality "1"]
[WhiteTeam "Helsinki HSK"]
[BlackTeam "Jarvenpaa SK"]
[WhiteTeamCountry "FIN"]
[BlackTeamCountry "FIN"]

1. d4 Nf6 2. c4 e6 3. g3 d5 4. Bg2 Be7 5. Nf3 0-0 6. 0-0 dxc4 7. Ne5 c5 8. dxc5 Bxc5 9. Qc2 Qc7 10. Nxc4 Nc6 11. Nc3 a6 12. Bf4 e5 13. Bg5 Be6 14. Ne3 Nd4 15. Qd2 Rad8 16. Qe1 b5 17. Rc1 Qa7 18. Bxf6 gxf6 19. Ncd5 Kg7 20. b4 Bd6 21. Qd2 Rd7 22. h3 Rfd8 23. Ng4 Bxg4 24. hxg4 Bxb4 25. Qxb4 Nxe2+ 26. Kh2 Nxc1 27. Rxc1 Rxd5 28. Bxd5 Rxd5 29. Rc8 Qxf2+ 30. Kh3 Qf1+ 31. Kh2 Qf2+ 32. Kh3 1/2-1/2

[Event "Helsinki Easter op"]
[Site "Helsinki"]
[Date "2018.03.30"]
[Round "1"]
[White "Kyburz, Stefan"]
[Black "Heinola, Vesa Pekka"]
[Result "0-1"]
[WhiteElo "1975"]
[BlackElo "2268"]
[PlyCount "58"]
[EventDate "2018.03.30"]
[EventType "swiss"]
[EventRounds "6"]
[EventCountry "FIN"]
[SourceTitle "EXT 2019"]
[Source "ChessBase"]
[SourceDate "2018.10.10"]
[SourceVersion "1"]
[SourceVersionDate "2018.10.10"]
[SourceQuality "1"]

1. c4 e5 2. Nc3 Nf6 3. Nf3 Nc6 4. e3 d6 5. d4 Be7 6. d5 Nb8 7. e4 a5 8. c5 0-0 9. Be2 Nbd7 10. cxd6 cxd6 11. 0-0 Nc5 12. Nd2 Ne8 13. f3 Bd7 14. a4 Nc7 15. Nc4 Be8 16. Be3 N7a6 17. Ra3 Rc8 18. Nb5 Nb4 19. Na7 Ra8 20. Bxc5 dxc5 21. Nb5 Bxb5 22. axb5 b6 23. Nxe5 Bf6 24. Nc4 Bd4+ 25. Kh1 f5 26. Ne3 f4 27. Nc4 Qh4 28. Re1 Rf6 29. Rd3 Qxh2+ 0-1

[Event "FIN-chT1B 1415"]
[Site "Finland"]
[Date "2015.01.10"]
[Round "5.6"]
[White "Pitkanen, Ari"]
[Black "Kyburz, Stefan"]
[Result "1-0"]
[WhiteElo "1809"]
[BlackElo "2026"]
[PlyCount "103"]
[EventDate "2014.09.27"]
[EventType "team-tourn"]
[EventRounds "7"]
[EventCountry "FIN"]
[SourceTitle "EXT 2017"]
[Source "ChessBase"]
[SourceDate "2016.10.25"]
[SourceVersion "1"]
[SourceVersionDate "2016.10.25"]
[SourceQuality "1"]
[WhiteTeam "Lahti S"]
[BlackTeam "Helsinki HSK"]
[WhiteTeamCountry "FIN"]
[BlackTeamCountry "FIN"]

1. d4 d5 2. Nf3 c5 3. e3 Nc6 4. c4 e6 5. Nc3 Nf6 6. Be2 Bd6 7. a3 0-0 8. 0-0 a6 9. dxc5 Bxc5 10. b4 Ba7 11. Qb3 dxc4 12. Qxc4 e5 13. Rd1 Qe7 14. Qh4 Be6 15. Bc4 Bxc4 16. Qxc4 Rac8 17. Qb3 e4 18. Nd2 Rfd8 19. Bb2 Rd3 20. Qc2 Rcd8 21. Nf1 Ne5 22. Nxe4 Nxe4 23. Bxe5 Nd2 24. Rxd2 Rxd2 25. Nxd2 Qxe5 26. Rc1 h6 27. Nf3 Qe6 28. Qc3 Bb8 29. g3 Qd5 30. Qd4 Qxd4 31. exd4 Kf8 32. Kf1 Ke7 33. Ke2 Kd6 34. Kd3 f6 35. Nd2 Re8 36. Ne4+ Kd7 37. Nc5+ Kc6 38. Nxa6+ Kb6 39. Nxb8 Rxb8 40. d5 Re8 41. Rc2 Re5 42. Kd4 Re1 43. f4 Rd1+ 44. Ke4 g6 45. Rc3 Re1+ 46. Kd4 Re2 47. h4 Rd2+ 48. Rd3 Rc2 49. a4 Ra2 50. d6 Rxa4 51. Kc4 Ra8 52. Kd5 1-0

[Event "Helsinki We HSK 5th"]
[Site "Helsinki"]
[Date "2014.??.??"]
[Round "1"]
[White "Alkkiomaki, Jyrki"]
[Black "Kyburz, Stefan"]
[Result "0-1"]
[WhiteElo "1969"]
[BlackElo "2030"]
[PlyCount "72"]
[EventDate "2014.??.??"]
[EventType "swiss"]
[EventRounds "5"]
[EventCountry "FIN"]
[SourceTitle "EXT 2022"]
[Source "ChessBase"]
[SourceDate "2021.10.06"]
[SourceVersion "1"]
[SourceVersionDate "2021.10.06"]
[SourceQuality "1"]

1. e4 e6 2. d4 d5 3. Nc3 Bb4 4. e5 c5 5. a3 Bxc3+ 6. bxc3 Ne7 7. Nf3 Nbc6 8. Bd3 Qa5 9. Bd2 c4 10. Be2 Bd7 11. Ng5 f6 12. exf6 gxf6 13. Bh5+ Ng6 14. Nh3 0-0-0 15. 0-0 Rhg8 16. Bxg6 hxg6 17. f4 Rh8 18. Nf2 Ne7 19. Ng4 Rdf8 20. Qe2 Nf5 21. Ne3 Nd6 22. Rfb1 Rh7 23. h3 Qc7 24. Rf1 Ne4 25. Be1 g5 26. fxg5 Nxg5 27. Ng4 Ne4 28. Qe3 e5 29. Nxf6 Rxf6 30. Rxf6 Nxf6 31. dxe5 Ne4 32. Qxa7 Qxe5 33. Rb1 Bc6 34. Qe3 Rg7 35. Qh6 d4 36. Qh8+ Kc7 0-1

[Event "Helsinki We HSK 5th"]
[Site "Helsinki"]
[Date "2014.??.??"]
[Round "4"]
[White "Kyburz, Stefan"]
[Black "Sipila, Markku"]
[Result "0-1"]
[WhiteElo "2030"]
[BlackElo "1983"]
[PlyCount "72"]
[EventDate "2014.??.??"]
[EventType "swiss"]
[EventRounds "5"]
[EventCountry "FIN"]
[SourceTitle "EXT 2022"]
[Source "ChessBase"]
[SourceDate "2021.10.06"]
[SourceVersion "1"]
[SourceVersionDate "2021.10.06"]
[SourceQuality "1"]

1. d4 Nf6 2. c4 g6 3. Nc3 d5 4. cxd5 Nxd5 5. e4 Nxc3 6. bxc3 Bg7 7. Nf3 0-0 8. Rb1 c5 9. Be2 Nc6 10. Be3 Qa5 11. Qd2 a6 12. Bh6 cxd4 13. Bxg7 Kxg7 14. cxd4 Rd8 15. Qxa5 Nxa5 16. 0-0 Bg4 17. Rfd1 Rac8 18. Rd2 Rc3 19. d5 Rdc8 20. h3 Bxf3 21. gxf3 Rc2 22. Rbd1 b5 23. f4 R8c3 24. f3 Nb7 25. Kf2 Nc5 26. e5 Kf8 27. h4 Ke8 28. h5 b4 29. h6 a5 30. Bb5+ Kd8 31. Ke2 a4 32. Rxc2 Rxc2+ 33. Rd2 Rc3 34. Rd4 b3 35. axb3 a3 36. Rd2 Nxb3 0-1

[Event "Helsinki We HSK 5th"]
[Site "Helsinki"]
[Date "2014.??.??"]
[Round "5"]
[White "Puuska, Heini"]
[Black "Kyburz, Stefan"]
[Result "0-1"]
[WhiteElo "1995"]
[BlackElo "2030"]
[PlyCount "104"]
[EventDate "2014.??.??"]
[EventType "swiss"]
[EventRounds "5"]
[EventCountry "FIN"]
[SourceTitle "EXT 2022"]
[Source "ChessBase"]
[SourceDate "2021.10.06"]
[SourceVersion "1"]
[SourceVersionDate "2021.10.06"]
[SourceQuality "1"]

1. d4 Nf6 2. Bg5 Ne4 3. Bf4 d5 4. e3 c5 5. c3 Nc6 6. Bd3 Nf6 7. h3 cxd4 8. exd4 e6 9. Nf3 Bd6 10. Bxd6 Qxd6 11. 0-0 Ne4 12. Bxe4 dxe4 13. Nfd2 f5 14. Qh5+ g6 15. Qh6 Bd7 16. Na3 0-0-0 17. Nb5 Qe7 18. Nc4 g5 19. Qh5 Be8 20. Qd1 h5 21. f3 a6 22. Nb6+ Kb8 23. a4 g4 24. fxg4 fxg4 25. Qe1 axb5 26. axb5 Na7 27. c4 Qd6 28. Qa5 Qxd4+ 29. Kh1 Nc8 30. Nd5 exd5 31. Qxd8 Bxb5 32. Qa5 Ba6 33. Rf7 Qxc4 34. Qd2 gxh3 35. Qf4+ Ka7 36. gxh3 Qd3 37. Qf2+ d4 38. Qg2 Nd6 39. Rd7 Nf5 40. Ra3 Qd1+ 41. Kh2 Qe1 42. Qc2 Qb4 43. Ra4 Qb5 44. Rc7 d3 45. Rxa6+ Kxa6 46. Qc3 Re8 47. Rc5 Qa4 48. Qf6+ b6 49. Rc6 Qb5 50. b4 d2 51. Qa1+ Kb7 52. Rf6 Qe2+ 0-1

[Event "Helsinki We Garde 2nd Group A"]
[Site "Helsinki"]
[Date "2012.08.28"]
[Round "4"]
[White "Kyburz, Stefan"]
[Black "Fraser, Scott"]
[Result "1/2-1/2"]
[WhiteElo "2009"]
[BlackElo "2094"]
[PlyCount "31"]
[EventDate "2012.08.26"]
[EventType "swiss"]
[EventRounds "5"]
[EventCountry "FIN"]
[SourceTitle "EXT 2022"]
[Source "ChessBase"]
[SourceDate "2021.10.06"]
[SourceVersion "1"]
[SourceVersionDate "2021.10.06"]
[SourceQuality "1"]

1. c4 c6 2. g3 d5 3. Bg2 g6 4. Nf3 Bg7 5. cxd5 cxd5 6. d4 Nf6 7. Nc3 0-0 8. 0-0 Ne4 9. Bf4 Nc6 10. Ne5 Nxc3 11. bxc3 Nxe5 12. dxe5 e6 13. Qd2 Qc7 14. Qd4 b6 15. c4 Bb7 16. cxd5 1/2-1/2

[Event "Helsinki We Garde 2nd Group A"]
[Site "Helsinki"]
[Date "2012.08.27"]
[Round "2"]
[White "Kyburz, Stefan"]
[Black "Ponnio, Toni"]
[Result "1-0"]
[WhiteElo "2009"]
[BlackElo "2023"]
[PlyCount "119"]
[EventDate "2012.08.26"]
[EventType "swiss"]
[EventRounds "5"]
[EventCountry "FIN"]
[SourceTitle "EXT 2022"]
[Source "ChessBase"]
[SourceDate "2021.10.06"]
[SourceVersion "1"]
[SourceVersionDate "2021.10.06"]
[SourceQuality "1"]

1. c4 c5 2. Nf3 Nc6 3. Nc3 e5 4. e3 Nf6 5. d4 cxd4 6. exd4 e4 7. Ne5 Bb4 8. Be2 Qa5 9. 0-0 Nxe5 10. dxe5 Qxe5 11. Bd2 0-0 12. Nxe4 Be7 13. Nxf6+ Bxf6 14. Bc3 Qg5 15. Bxf6 Qxf6 16. Qd2 d6 17. Rfd1 Be6 18. Qd4 Qe5 19. Bf3 Rac8 20. b3 b6 21. Qxd6 Qg5 22. Qa3 a5 23. Qc1 Qf6 24. Qe3 Rc5 25. Rac1 Rfc8 26. a4 h5 27. Qd4 Qxd4 28. Rxd4 b5 29. axb5 Rxb5 30. Rd3 g6 31. Ra1 Re5 32. Kf1 Rb8 33. Bd5 Bxd5 34. cxd5 Rb5 35. d6 Re8 36. d7 Rd8 37. Rc1 Rbb8 38. Rc5 Ra8 39. Ke2 Kg7 40. Kd2 Ra7 41. Kc3 a4 42. b4 a3 43. Ra5 Rc7+ 44. Kb3 Rcxd7 45. Rxd7 Rxd7 46. Rxa3 Rd3+ 47. Ka4 Rd2 48. Rf3 g5 49. b5 Ra2+ 50. Kb4 g4 51. Rf4 Kg6 52. b6 f5 53. Kb3 Ra1 54. Rb4 Ra8 55. b7 Rb8 56. Kc4 h4 57. Kc5 f4 58. g3 fxg3 59. fxg3 hxg3 60. hxg3 1-0

[Event "Helsinki We Garde 2nd Group A"]
[Site "Helsinki"]
[Date "2012.08.27"]
[Round "3"]
[White "Valli, Frans"]
[Black "Kyburz, Stefan"]
[Result "1/2-1/2"]
[WhiteElo "2257"]
[BlackElo "2009"]
[PlyCount "66"]
[EventDate "2012.08.26"]
[EventType "swiss"]
[EventRounds "5"]
[EventCountry "FIN"]
[SourceTitle "EXT 2022"]
[Source "ChessBase"]
[SourceDate "2021.10.06"]
[SourceVersion "1"]
[SourceVersionDate "2021.10.06"]
[SourceQuality "1"]

1. d4 d5 2. c4 e6 3. Nf3 c5 4. cxd5 exd5 5. g3 Nc6 6. Bg2 Nf6 7. 0-0 Be7 8. Nc3 0-0 9. Bg5 c4 10. Ne5 Be6 11. Nxc6 bxc6 12. b3 Qa5 13. Qc2 Rac8 14. Na4 h6 15. Bf4 c5 16. Nxc5 Bxc5 17. dxc5 Qxc5 18. e3 d4 19. bxc4 d3 20. Qb2 Nd7 21. Qd4 Qxd4 22. exd4 Rxc4 23. Rfd1 Rxd4 24. Be3 Ra4 25. Rxd3 Ne5 26. Rd4 Rxa2 27. Rxa2 Bxa2 28. Ra4 Be6 29. Rxa7 Rd8 30. h3 Bd5 31. Bb6 Rd7 32. Rxd7 Nxd7 33. Bxd5 Nxb6 1/2-1/2

[Event "FIN-chT1B 1112"]
[Site "Finland"]
[Date "2012.03.10"]
[Round "7.4"]
[White "Franssila, Tommi"]
[Black "Kyburz, Stefan"]
[Result "1-0"]
[WhiteElo "2204"]
[BlackElo "2009"]
[PlyCount "81"]
[EventDate "2011.09.17"]
[EventType "team-tourn"]
[EventRounds "7"]
[EventCountry "FIN"]
[SourceTitle "EXT 2019"]
[Source "ChessBase"]
[SourceDate "2018.10.10"]
[SourceVersion "1"]
[SourceVersionDate "2018.10.10"]
[SourceQuality "1"]
[WhiteTeam "Jyvaskyla JyS"]
[BlackTeam "Helsinki HSK"]
[WhiteTeamCountry "FIN"]
[BlackTeamCountry "FIN"]

1. c4 e6 2. g3 d5 3. Bg2 Nf6 4. Nf3 c5 5. 0-0 Nc6 6. cxd5 exd5 7. d4 Be7 8. Nc3 0-0 9. dxc5 Bxc5 10. Bg5 d4 11. Bxf6 Qxf6 12. Nd5 Qd8 13. Nd2 Bg4 14. Nb3 Bb6 15. h3 Bxh3 16. Nxb6 Bxg2 17. Nxa8 Bxf1 18. Kxf1 Qd5 19. e4 Qxe4 20. Nc7 Qe5 21. Qg4 Rd8 22. Qf4 Qh5 23. Kg2 d3 24. Re1 h6 25. Re8+ Rxe8 26. Nxe8 Qd5+ 27. f3 Qe6 28. Qe4 d2 29. Nxd2 Qxa2 30. Nc4 b5 31. Qxc6 bxc4 32. Kh3 Qxb2 33. Qxc4 Qe5 34. Nc7 Qe1 35. Nd5 Qh1+ 36. Kg4 h5+ 37. Kf4 Qh3 38. Ne7+ Kf8 39. Nf5 Kg8 40. Qc8+ Kh7 41. Qf8 1-0

[Event "FIN-chT1B 1112"]
[Site "Finland"]
[Date "2012.01.14"]
[Round "5.7"]
[White "Haimi, Aleksander"]
[Black "Kyburz, Stefan"]
[Result "0-1"]
[WhiteElo "2041"]
[BlackElo "2009"]
[PlyCount "42"]
[EventDate "2011.09.17"]
[EventType "team-tourn"]
[EventRounds "7"]
[EventCountry "FIN"]
[SourceTitle "EXT 2019"]
[Source "ChessBase"]
[SourceDate "2018.10.10"]
[SourceVersion "1"]
[SourceVersionDate "2018.10.10"]
[SourceQuality "1"]
[WhiteTeam "Lahti S"]
[BlackTeam "Helsinki HSK"]
[WhiteTeamCountry "FIN"]
[BlackTeamCountry "FIN"]

1. e4 e6 2. d4 d5 3. e5 c5 4. c3 Nc6 5. Nf3 Qb6 6. a3 Nh6 7. Bxh6 Qxb2 8. Bc1 Qxa1 9. Bd3 cxd4 10. cxd4 Bd7 11. Bc2 Rc8 12. 0-0 Qa2 13. Nbd2 Bxa3 14. Bb1 Qa1 15. Qa4 Bb2 16. Qb3 Bxc1 17. Rxc1 Nxd4 18. Rxc8+ Bxc8 19. Nxd4 Qxd4 20. Qb5+ Bd7 21. Qxb7 0-0 0-1

[Event "Helsinki We Garde 9th Group B"]
[Site "Helsinki"]
[Date "2011.11.??"]
[Round "3"]
[White "Kyburz, Stefan"]
[Black "Haanpaa, Jorma"]
[Result "1-0"]
[WhiteElo "2018"]
[BlackElo "2011"]
[PlyCount "65"]
[EventDate "2011.11.09"]
[EventType "swiss"]
[EventRounds "5"]
[EventCountry "FIN"]
[SourceTitle "EXT 2022"]
[Source "ChessBase"]
[SourceDate "2021.10.06"]
[SourceVersion "1"]
[SourceVersionDate "2021.10.06"]
[SourceQuality "1"]

1. c4 e5 2. Nc3 Nf6 3. Nf3 Nc6 4. g3 d5 5. cxd5 Nxd5 6. Bg2 Nxc3 7. bxc3 e4 8. Ng1 f5 9. d3 exd3 10. exd3 Be6 11. Nf3 Be7 12. 0-0 0-0 13. Re1 Bf7 14. d4 Bd5 15. Bf4 g5 16. Bxg5 Bxg5 17. Nxg5 Bxg2 18. Qh5 Qd7 19. Kxg2 Rae8 20. Rxe8 Rxe8 21. Nxh7 Kg7 22. Ng5 Rh8 23. Qf3 Kg6 24. h4 Re8 25. Nh3 Re4 26. Nf4+ Kf6 27. Qh5 Qg7 28. Qf3 Qg8 29. Rb1 b6 30. Rb5 Ne7 31. Nh5+ Kg6 32. Rxf5 Nxf5 33. Qxe4 1-0

[Event "Helsinki HSL Easter Group A 4th"]
[Site "Helsinki"]
[Date "2010.04.??"]
[Round "3"]
[White "Eklund, Kari"]
[Black "Kyburz, Stefan"]
[Result "1/2-1/2"]
[WhiteElo "2170"]
[BlackElo "2023"]
[PlyCount "49"]
[EventDate "2010.04.01"]
[EventType "swiss"]
[EventRounds "7"]
[EventCountry "FIN"]
[SourceTitle "EXT 2022"]
[Source "ChessBase"]
[SourceDate "2021.10.06"]
[SourceVersion "1"]
[SourceVersionDate "2021.10.06"]
[SourceQuality "1"]

1. d4 e6 2. c4 d5 3. Nc3 Nf6 4. Nf3 c6 5. e3 Nbd7 6. Bd3 dxc4 7. Bxc4 b5 8. Bd3 a6 9. 0-0 c5 10. Qe2 Bb7 11. a3 Qb6 12. Rd1 Bd6 13. Bc2 0-0 14. h3 Rfd8 15. e4 cxd4 16. Rxd4 Ne5 17. Be3 Nxf3+ 18. Qxf3 Bc5 19. Rxd8+ Rxd8 20. Bxc5 Qxc5 21. Rd1 Rd4 22. Rxd4 Qxd4 23. Qd3 Qxd3 24. Bxd3 Nd7 25. f3 1/2-1/2

[Event "Helsinki HSL Easter Group A 4th"]
[Site "Helsinki"]
[Date "2010.04.??"]
[Round "6"]
[White "Kyburz, Stefan"]
[Black "Kilpela, Panu"]
[Result "1/2-1/2"]
[WhiteElo "2023"]
[BlackElo "2083"]
[PlyCount "74"]
[EventDate "2010.04.01"]
[EventType "swiss"]
[EventRounds "7"]
[EventCountry "FIN"]
[SourceTitle "EXT 2022"]
[Source "ChessBase"]
[SourceDate "2021.10.06"]
[SourceVersion "1"]
[SourceVersionDate "2021.10.06"]
[SourceQuality "1"]

1. d4 d5 2. c4 e6 3. Nc3 Bb4 4. Qa4+ Nc6 5. Nf3 dxc4 6. e4 Bd7 7. Qc2 b5 8. g3 e5 9. Be3 Bg4 10. Nxe5 Nxe5 11. dxe5 Bf3 12. Rg1 Qe7 13. a3 Ba5 14. b4 Bb6 15. Bxb6 axb6 16. Nxb5 Qxe5 17. Qc3 Qxe4+ 18. Qe3 Qxe3+ 19. fxe3 0-0-0 20. Bxc4 Nh6 21. Nd4 Bb7 22. g4 Rhe8 23. Kf2 Re4 24. Bd3 Re5 25. g5 Ng8 26. Bxh7 Ne7 27. Bc2 g6 28. Rg3 Nd5 29. Re1 Nc3 30. Rg4 Rde8 31. Bd3 Rxe3 32. Rgg1 Rxe1 33. Rxe1 Rd8 34. Rc1 Nd5 35. Rc4 Nf4 36. Bf1 Bd5 37. Rc3 Kb7 1/2-1/2

[Event "Espoo We MatSK op"]
[Site "Espoo"]
[Date "2010.03.02"]
[Round "5"]
[White "Immonen, Vihtori"]
[Black "Kyburz, Stefan"]
[Result "1-0"]
[WhiteElo "1930"]
[BlackElo "2025"]
[PlyCount "57"]
[EventDate "2010.02.26"]
[EventType "swiss"]
[EventRounds "5"]
[EventCountry "FIN"]
[SourceTitle "EXT 2012"]
[Source "ChessBase"]
[SourceDate "2011.11.24"]
[SourceVersion "1"]
[SourceVersionDate "2011.11.24"]
[SourceQuality "1"]

1. e4 e6 2. d4 d5 3. Nc3 Nf6 4. Bg5 dxe4 5. Nxe4 Nbd7 6. Nf3 c5 7. dxc5 Qa5+ 8. Bd2 Qc7 9. Nxf6+ gxf6 10. b4 a5 11. c3 Bg7 12. Be2 axb4 13. cxb4 f5 14. Rc1 Rxa2 15. Bc3 Bxc3+ 16. Rxc3 Nf6 17. 0-0 Ne4 18. Bb5+ Ke7 19. Rd3 Rb2 20. Qa1 Rxb4 21. Qxh8 Rxb5 22. Qxh7 Rxc5 23. Qh4+ Nf6 24. Qb4 Nd5 25. Qh4+ Nf6 26. Rfd1 Rc4 27. Qh8 Bd7 28. Ng5 Qf4 29. Nh7 1-0

[Event "Helsinki We Garde 3rd"]
[Site "Helsinki"]
[Date "2010.??.??"]
[Round "5"]
[White "Kyburz, Stefan"]
[Black "Hurme, Harri M"]
[Result "1/2-1/2"]
[WhiteElo "2023"]
[BlackElo "2269"]
[PlyCount "126"]
[EventDate "2010.??.??"]
[EventType "swiss"]
[EventRounds "5"]
[EventCountry "FIN"]
[SourceTitle "EXT 2022"]
[Source "ChessBase"]
[SourceDate "2021.10.06"]
[SourceVersion "1"]
[SourceVersionDate "2021.10.06"]
[SourceQuality "1"]

1. d4 g6 2. e4 Bg7 3. Nc3 d6 4. g3 a6 5. a4 Nf6 6. Bg2 0-0 7. Nge2 Nbd7 8. h3 c5 9. Be3 cxd4 10. Bxd4 Qc7 11. 0-0 Nc5 12. Nd5 Nxd5 13. exd5 Nd7 14. Bxg7 Kxg7 15. Qd4+ Kg8 16. Nc3 Qc5 17. Qh4 f6 18. Rfe1 Rf7 19. Re2 Nf8 20. Rae1 Qc7 21. a5 Bf5 22. Qb4 Re8 23. Na4 g5 24. Nb6 Ng6 25. Qa4 Rd8 26. Rd1 Ne5 27. Rd4 Bd7 28. Qb4 Qc5 29. Qxc5 dxc5 30. Rde4 Bf5 31. R4e3 Kf8 32. Rd2 g4 33. hxg4 Bxg4 34. Rc3 e6 35. f4 Ng6 36. d6 e5 37. fxe5 Nxe5 38. Rxc5 Bf3 39. Kf2 Bc6 40. Bxc6 bxc6 41. Nc4 Ke8 42. Nxe5 fxe5+ 43. Ke3 Kd7 44. Rxe5 Rg8 45. Re7+ Rxe7+ 46. dxe7+ Kxe7 47. Kf4 h5 48. Rh2 Rg4+ 49. Kf3 Rg5 50. b4 c5 51. c3 Kd6 52. Rh4 cxb4 53. cxb4 Kc6 54. Rc4+ Kb5 55. Rc5+ Rxc5 56. bxc5 Kxc5 57. Kf4 Kb5 58. Kg5 Kxa5 59. Kxh5 Kb4 60. g4 a5 61. g5 a4 62. g6 a3 63. g7 a2 1/2-1/2

[Event "Helsinki We KapSK"]
[Site "Helsinki"]
[Date "2010.??.??"]
[Round "1"]
[White "Kyburz, Stefan"]
[Black "Hynna, Kevin"]
[Result "1-0"]
[WhiteElo "2023"]
[BlackElo "1914"]
[PlyCount "93"]
[EventDate "2010.??.??"]
[EventType "swiss"]
[EventRounds "5"]
[EventCountry "FIN"]
[SourceTitle "EXT 2022"]
[Source "ChessBase"]
[SourceDate "2021.10.06"]
[SourceVersion "1"]
[SourceVersionDate "2021.10.06"]
[SourceQuality "1"]

1. d4 Nf6 2. c4 e6 3. g3 Bb4+ 4. Bd2 Bxd2+ 5. Qxd2 0-0 6. Bg2 d5 7. Nf3 Ne4 8. Qc2 Nc6 9. 0-0 f5 10. Nc3 a6 11. Rad1 Qe7 12. cxd5 Nxc3 13. Qxc3 exd5 14. Ne1 Be6 15. Nd3 Nd8 16. b4 g5 17. f4 h6 18. Ne5 Kg7 19. g4 c6 20. gxf5 Bxf5 21. fxg5 hxg5 22. e4 Be6 23. exd5 Rxf1+ 24. Rxf1 cxd5 25. Qd3 Qe8 26. Qf3 Qe7 27. Qh5 Bf7 28. Rxf7+ Nxf7 29. Qg6+ Kf8 30. Bxd5 Rd8 31. Bxf7 Qd6 32. Qg8+ Ke7 33. Qxg5+ Kf8 34. d5 Qb6+ 35. Kg2 Qc7 36. Be6 Qg7 37. Qxg7+ Kxg7 38. Kf3 Rh8 39. h3 Kf6 40. Ke4 Rh4+ 41. Bg4 Rh8 42. d6 Rd8 43. d7 Rh8 44. Kd5 Rd8 45. Kd6 Rg8 46. Kc7 Rg7 47. Kc8 1-0

[Event "Helsinki Redsven Memorial"]
[Site "Helsinki"]
[Date "2010.??.??"]
[Round "4"]
[White "Kyburz, Stefan"]
[Black "Puroila, Sippo"]
[Result "0-1"]
[WhiteElo "2023"]
[BlackElo "1965"]
[PlyCount "66"]
[EventDate "2010.??.??"]
[EventType "swiss"]
[EventRounds "5"]
[EventCountry "FIN"]
[SourceTitle "EXT 2022"]
[Source "ChessBase"]
[SourceDate "2021.10.06"]
[SourceVersion "1"]
[SourceVersionDate "2021.10.06"]
[SourceQuality "1"]

1. Nf3 d5 2. d4 Nf6 3. c4 c6 4. Nc3 g6 5. Bf4 Bg7 6. e3 0-0 7. Bd3 dxc4 8. Bxc4 Nd5 9. Be5 Bg4 10. Bxg7 Kxg7 11. Rc1 a6 12. h3 Bxf3 13. Qxf3 Nxc3 14. Rxc3 Nd7 15. 0-0 e6 16. Rd1 Qe7 17. Bb3 Rab8 18. Qe4 Rfe8 19. f4 Qd6 20. Qf3 Qe7 21. e4 c5 22. Qf2 b6 23. Rf3 cxd4 24. Qxd4+ Nf6 25. e5 Ng8 26. Rfd3 Rbd8 27. Qe3 Rxd3 28. Rxd3 Rd8 29. Rc3 Qb7 30. f5 exf5 31. e6 fxe6 32. Qe5+ Kh6 33. Rc7 Qe4 0-1